000 00677nam a2200193Ia 4500
008 151121s9999||||xx |||||||||||||| ||und||
082 _a814/कळसे
082 _bHNW-68486
100 _aकळसे वैजनाथ
245 _aकातळावरची अस्वस्थता
260 _b"साके त प्रकाशन, औरंगाबाद।"
260 _c--
300 _a112
600 _aकळसे वैजनाथ
630 _aकातळावरची अस्वस्थता
700 _aकळसे वैजनाथ
730 _aकातळावरची अस्वस्थता
942 _cBOOK
999 _c1249980
_d1249977